000 01578cam a2200397 a 4500
999 _c958
_d958
001 005352322
003 OCoLC
005 20200107111047.0
008 070521r20071978nyuac j 000 1 eng d
020 _a9780312368562
_q(pbk.)
035 _a(OCoLC)132693132
_z(OCoLC)236359123
_z(OCoLC)671656350
_z(OCoLC)671719215
040 _aNKMU
_beng
_cNKMU
_dNKMU
042 _anbic
082 _aFIC LEN
100 1 _aL'Engle, Madeleine.
_eauthor
245 1 2 _aA swiftly tilting planet /
_cMadeleine L'Engle.
250 _a1st Square Fish ed.
260 _aNew York :
_bSquare Fish,
_c2007, c1978.
300 _a309 p. :
_bill., port. ;
_c20 cm.
440 _aThe time quintet ;
_nBook 3.
500 _a"Originally published by Farrar, Straus and Giroux"--Title page verso.
520 _aFifteen-year-old Charles Wallace Murry and the unicorn Gaudior must travel through time and space in a battle against an evil dictator who would destroy the entire universe. Includes an interview with the author.
650 0 _aBrothers and sisters
_vJuvenile fiction.
650 0 _aGood and evil
_vJuvenile fiction.
650 0 _aMurry family (Fictitious characters)
_vJuvenile fiction.
650 0 _aNuclear warfare
_vJuvenile fiction.
650 0 _aScience fiction
_vJuvenile fiction.
650 0 _aSpace and time
_vJuvenile fiction.
650 0 _aTime travel
_vJuvenile fiction.
650 1 _aGifted teenagers
_vFiction.
650 1 _aGood and evil
_vFiction.
650 1 _aScience fiction.
650 1 _aTime travel
_vFiction.
650 1 _aUnicorns
_vFiction.
942 _2ddc
_cFIC